Բիայնիլի-Ուրարտու ։ (Record no. 431795)
[ view plain ]
| 000 -LEADER | |
|---|---|
| fixed length control field | 01472nam a22002897a 4500 |
| 003 - CONTROL NUMBER IDENTIFIER | |
| control field | AM-YeHGA |
| 040 ## - CATALOGING SOURCE | |
| Original cataloging agency | AM-YeHGA |
| 090 ## - LOCALLY ASSIGNED LC-TYPE CALL NUMBER (OCLC); LOCAL CALL NUMBER (RLIN) | |
| -- | 434379 |
| 005 - DATE AND TIME OF LATEST TRANSACTION | |
| control field | 20260223134804.0 |
| 008 - FIXED-LENGTH DATA ELEMENTS--GENERAL INFORMATION | |
| fixed length control field | 181010b2018 ai ||||| |||| 00| 0 arm d |
| 020 ## - INTERNATIONAL STANDARD BOOK NUMBER | |
| International Standard Book Number | 9789939917801 |
| 041 ## - LANGUAGE CODE | |
| Language code of text/sound track or separate title | arm |
| 245 00 - TITLE STATEMENT | |
| Title | Բիայնիլի-Ուրարտու ։ |
| Remainder of title | Աստվածներ, տաճարներ, պաշտամունք / |
| Statement of responsibility, etc. | Երվանդ Գրեկյան, Միքայել Բադալյան, Նվարդ Տիրացյան, Արմեն Պետրոսյան ; Խմբագիր՝ Ա. Պետրոսյան ; ՀՀ ԳԱԱ, Հնագիտության և ազգագրության ինստիտուտ. |
| 246 15 - VARYING FORM OF TITLE | |
| Title proper/short title | Biainili-Urartu |
| Remainder of title | Gods, Temples ; Cults |
| 260 ## - PUBLICATION, DISTRIBUTION, ETC. | |
| Place of publication, distribution, etc. | Երևան ։ |
| Name of publisher, distributor, etc. | ՀԱԻ հրատարակություն ; |
| Date of publication, distribution, etc. | 2018. |
| 300 ## - PHYSICAL DESCRIPTION | |
| Extent | 206 էջ : |
| Other physical details | [2] թ. նկար ; |
| Dimensions | 20 սմ. |
| 504 ## - BIBLIOGRAPHY, ETC. NOTE | |
| Bibliography, etc. note | Գրականություն՝ էջ 200-206: |
| 504 ## - BIBLIOGRAPHY, ETC. NOTE | |
| Bibliography, etc. note | Տողատակում՝ մատենագիտական ծանոթագրություններ: |
| 651 #4 - SUBJECT ADDED ENTRY--GEOGRAPHIC NAME | |
| Geographic name | Ուրարտու |
| General subdivision | Կրոն |
| 700 1# - ADDED ENTRY--PERSONAL NAME | |
| Personal name | Գրեկյան, Երվանդ |
| 700 1# - ADDED ENTRY--PERSONAL NAME | |
| Personal name | Բադալյան, Միքայել |
| 700 1# - ADDED ENTRY--PERSONAL NAME | |
| Personal name | Տիրացյան, Նվարդ |
| 700 1# - ADDED ENTRY--PERSONAL NAME | |
| Personal name | Պետրոսյան, Արմեն |
| 9 (RLIN) | 3342 |
| 700 1# - ADDED ENTRY--PERSONAL NAME | |
| Personal name | Պետրոսյան, Արմեն |
| Relator term | խմբագիր |
| Relationship | edt |
| 9 (RLIN) | 3342 |
| 710 2# - ADDED ENTRY--CORPORATE NAME | |
| Corporate name or jurisdiction name as entry element | ՀՀ գիտությունների ազգային ակադեմիա : |
| Subordinate unit | Հնագիտության և ազգագրության ինստիտուտ |
| 942 ## - ADDED ENTRY ELEMENTS (KOHA) | |
| Source of classification or shelving scheme | Universal Decimal Classification |
| Koha item type | Գրքեր / Books |
| Koha issues (borrowed), all copies | 1 |
| Withdrawn status | Lost status | Source of classification or shelving scheme | Damaged status | Not for loan | Collection | Home library | Current library | Date acquired | Total checkouts | Full call number | Barcode | Date last seen | Price effective from | Koha item type | Public note | Date last checked out |
|---|---|---|---|---|---|---|---|---|---|---|---|---|---|---|---|---|
| Universal Decimal Classification | General | Fundamental Scientific Library | Fundamental Scientific Library | 21/05/2019 | AII/104750 | FL0579521 | 21/05/2019 | 21/05/2019 | Գրքեր / Books | 30 Days Loan | ||||||
| Universal Decimal Classification | General | Fundamental Scientific Library | Fundamental Scientific Library | 21/05/2019 | 1 | AII/104751 | FL0579522 | 19/03/2026 | 21/05/2019 | Գրքեր / Books | 30 Days Loan | 23/02/2026 | ||||
| Universal Decimal Classification | General | Fundamental Scientific Library | Fundamental Scientific Library | 12/01/2023 | AII/103824 | FL0526840 | 12/01/2023 | 12/01/2023 | Գրքեր / Books | 30 Days Loan | ||||||
| Universal Decimal Classification | General | Fundamental Scientific Library | Fundamental Scientific Library | 12/01/2023 | AII/103823 | FL0521190 | 12/01/2023 | 12/01/2023 | Գրքեր / Books | 30 Days Loan |
ՀՀ Գիտությունների ազգային ակադեմիայի հիմնարար գիտական գրադարան = Fundamental Scientific Library of NAS RA
All site content, except where otherwise noted, is licensed under a